000 00347nam a2200133 i 4500
001 bg
100 1 _aSTAŃCZYK, Wiesław
245 0 _aTechnologia spawalnictwa :
_bćwiczenia laboratoryjne /
_cWiesław Stańczyk.
260 _aCzęstochowa,
_c1973.
040 _cBPK
041 _apol
942 _cKS
008 s pl f |000 0 pol
999 _c26014
_d26014
856 _uhttp://koha.tu.koszalin.pl/cgi-bin/koha/opac-detail.pl?biblionumber=26014
_yKatalog online BPK